| 000 | 00486nam a2200157 i 4500 | ||
|---|---|---|---|
| 001 | 99417 | ||
| 003 | ES-MaACL | ||
| 005 | 20230906182508.0 | ||
| 007 | t| | ||
| 008 | 050908s1962 sp ||||1| spa d | ||
| 100 | 1 |
_aMartín Sanz, Dionisio. _977655 |
|
| 245 | 1 | 3 |
_aEl desarrollo agrícola español para incorporarse al Mercado Común / _cDionisio Martín Sanz. |
| 260 |
_aMadrid : _b[s.n.], _c1962 ( _fTip. Ferreiro) |
||
| 300 |
_a73 p. ; _c17 cm. |
||
| 852 |
_aES-MaACL _jC-27048 _bR.50886 |
||
| 999 |
_c99417 _d99417 |
||